| 000 | 00542nam a2200193 u 4500 | ||
|---|---|---|---|
| 005 | 20250116063854.0 | ||
| 008 | 150623s2011 r 000 0 eng d | ||
| 020 | _a9788499822150 | ||
| 035 | _aUPN01000204457 | ||
| 049 | _aCG | ||
| 050 | 4 |
_aLB41 _bI3.2 |
|
| 245 | 0 | 0 |
_aIdeales de formación en la historia de la educación / _ccoord. Javier Vergara Ciordia. |
| 260 |
_aMadrid : _bDykinson, _c2011. |
||
| 300 | _a833 p. | ||
| 650 | 4 |
_aEducación _9682 |
|
| 700 | 1 |
_aVergara Ciordia, Javier, _ecoord. |
|
| 905 | _aLibro | ||
| 999 |
_c176558 _d176558 |
||